Safer surfaces to walk on (Record no. 105170)
[ view plain ]
| 000 -LEADER | |
|---|---|
| fixed length control field | 00989cam a2200241 4500 |
| 001 - CONTROL NUMBER | |
| control field | ##L132532 |
| 008 - FIXED-LENGTH DATA ELEMENTS--GENERAL INFORMATION | |
| fixed length control field | 060215n2006 000 0 eng u |
| 020 ## - INTERNATIONAL STANDARD BOOK NUMBER | |
| International Standard Book Number | 0860176525 |
| 035 ## - SYSTEM CONTROL NUMBER | |
| System control number | (Sirsi) u132532 |
| 041 0# - LANGUAGE CODE | |
| Language code of text/sound track or separate title | eng |
| 050 04 - LIBRARY OF CONGRESS CALL NUMBER | |
| Classification number | 690.16 $2 18 |
| 100 1# - MAIN ENTRY--PERSONAL NAME | |
| Personal name | Carpenter, John |
| 245 00 - TITLE STATEMENT | |
| Title | Safer surfaces to walk on |
| Remainder of title | reducing the risk of slipping |
| 260 ## - PUBLICATION, DISTRIBUTION, ETC. | |
| Place of publication, distribution, etc. | London |
| Name of publisher, distributor, etc. | CIRIA |
| Date of publication, distribution, etc. | 2006 |
| 300 ## - PHYSICAL DESCRIPTION | |
| Extent | 254p. |
| -- | ll. |
| Dimensions | 30cm. + |
| Accompanying material | 1 CD-ROM |
| 490 #0 - SERIES STATEMENT | |
| Series statement | CIRIA |
| Volume/sequential designation | C652 |
| 520 ## - SUMMARY, ETC. | |
| Summary, etc. | Slips are the most common cause of injury in the workplace. This guide summarises the current research into this type of accident and its causes, and offers advice on providing, specifying and maintaining safe flooring surfaces. Accompanying CD-ROM contains a presentation and training material on managing trips and slips. |
| 590 ## - LOCAL NOTE (RLIN) | |
| Local note | IKA220806 |
| 690 ## - LOCAL SUBJECT ADDED ENTRY--TOPICAL TERM (OCLC, RLIN) | |
| Topical term or geographic name as entry element | BUILT ENVIRONMENT-BUILDING ELEMENTS-COMPLETE BUILDING ELEMENTS-FLOORS |
| 700 1# - ADDED ENTRY--PERSONAL NAME | |
| Personal name | Lazarus, Deborah |
| 700 1# - ADDED ENTRY--PERSONAL NAME | |
| Personal name | Perkins, Clare |
| 942 ## - ADDED ENTRY ELEMENTS (KOHA) | |
| Suppress in OPAC | 0 |
| Withdrawn status | Lost status | Source of classification or shelving scheme | Damaged status | Not for loan | Home library | Current library | Shelving location | Date acquired | Total Checkouts | Full call number | Barcode | Date last seen | Copy number | Price effective from | Koha item type |
|---|---|---|---|---|---|---|---|---|---|---|---|---|---|---|---|
| Dewey Decimal Classification | London | London | Books | 22/08/2006 | CIRIA REPORTS | 30071566 | 22/05/2024 | 1 | 06/08/2019 | Book |